Statistics for Top 5 NFL Wide Recievers by year in 2010s

Click here to take the quiz!

General Stats

  • This quiz has been taken 2,158 times
    (1,836 since last reset)
  • The average score is 40 of 50

Answer Stats

RankAnswer% Correct
1 | 2 | 3Julio Jones
99%
1Michael Thomas
98%
1 | 2 | 5Antonio Brown
97%
2 | 4Demaryius Thomas
97%
3 | 4Mike Evans
97%
4Tyreek Hill
97%
1 | 3Calvin Johnson
93%
2 | 3 | 4DeAndre Hopkins
93%
2Andre Johnson
90%
3 | 4Odell Beckham Jr.
89%
3Chris Godwin
88%
3Keenan Allen
84%
1T.Y. Hilton
83%
4Travis Kelce
81%
5Steve Smith Sr.
79%
4Jordy Nelson
75%
5A.J. Green
73%
5DeVante Parker
71%
4Larry Fitzgerald
71%
5JuJu Smith-Schuster
67%
5Adam Thielen
66%
3 | 5Brandon Marshall
61%
2Wes Welker
59%
5Emmanuel Sanders
57%
1Josh Gordon
57%
3Victor Cruz
53%
3Reggie Wayne
49%
2Roddy White
46%
5Vincent Jackson
36%
4Greg Jennings
30%
5Mike Wallace
19%
1Brandon Lloyd
11%

Score Distribution

Percentile by Number Answered

Percent of People with Each Score

Your Score History

You have not taken this quiz since the last reset